000 00800nam a2200253Ia 4500
003 OSt
005 20220923215715.0
006 a|||||r|||| 00| 0
007 ta
008 220922b |||||||| |||| 00| 0 hin d
024 _a181,062
037 _cTextual
040 _aARTS
_cARTS
_bhin
041 _2hin
_ahin
082 _aO152,1N281x, M4
100 _aमिश्र, वीरेन्द्र
245 0 _aशांति गंधर्व
246 _aShāanti gandharva
260 _aदिल्ली
_b पराग प्रकाशन
_c1985
300 _a148 पृ.
_ccm.
650 _aहिन्दी साहित्य
_9156264
942 _hO152,1N281x, M4
_cTEXL
_2CC
999 _c334440
_d334440